|
|
|
|
| LEADER |
00000nab a2200000u 4500 |
| 001 |
vtls011860096 |
| 003 |
SK-MaSNL |
| 005 |
20260304031528.0 |
| 008 |
190405|20190404xo ||||||| ||00 ||slo| |
| 038 |
|
|
|a KEVKJB
|
| 040 |
|
|
|a KEVKJB
|b slo
|e rda
|
| 041 |
0 |
|
|a slo
|
| 043 |
|
|
|a e-xo---
|
| 044 |
|
|
|a xo
|c SK
|
| 072 |
|
7 |
|a 621.39
|x Oznamovacia technika
|2 konspekt
|
| 080 |
|
|
|a 621.395.721.5
|2 2011
|
| 100 |
1 |
|
|a (EH)
|4 aut
|9 879940
|
| 245 |
1 |
0 |
|a Aplikácia Sám v múzeu boduje aj za hranicami Košíc
|b start-up z košického Silicon Valley získal dve prestížne ocenenia Via Bona Slovakia
|c [autor] (EH)
|
| 300 |
|
|
|b Fotografie
|
| 336 |
|
|
|a text
|b txt
|2 rdacontent
|
| 337 |
|
|
|a bez média
|b n
|2 rdamedia
|
| 338 |
|
|
|a zväzok
|b nc
|2 rdacarrier
|
| 648 |
|
7 |
|a 2019
|2 kevkjb
|9 350886
|
| 650 |
0 |
7 |
|a mobilné aplikácie
|2 kevkjb
|9 182136
|
| 650 |
0 |
7 |
|a zrakovo postihnuté osoby
|2 kevkjb
|9 1168
|
| 650 |
0 |
7 |
|a Via Bona Slovakia (cena)
|2 kevkjb
|9 1311331
|
| 650 |
0 |
7 |
|a mobilné telefóny
|2 kevkjb
|9 20365
|
| 650 |
0 |
7 |
|a múzeá
|2 kevkjb
|9 4119
|
| 651 |
|
7 |
|a Košice (Slovensko)
|2 kevkjb
|9 18694
|
| 773 |
0 |
|
|t KOŠICE:DNES
|g Roč. 6, č. 66 (4.4.2019), s. 4
|x 1339-7605
|
| 852 |
|
|
|a KEVKJB
|b KIS3GCP
|
| 856 |
4 |
1 |
|u https://kosicednes.sk/styl-ine/aplikacia-sam-v-muzeu-boduje-aj-za-hranicami-kosic/
|
| 999 |
|
|
|c 2638607
|d 2640537
|